Indonezja czy Monako - Statystyki

Ogólne statystyki
  • Ten quiz został rozwiązany 94 razy
    93 od ostatniego zresetowania
  • Średni wynik to 13 z 15
Statystyki odpowiedzi
Zagadnienie Odpowiedź % Poprawnych
Jest państwem wyspiarskim Indonezja
100%
Leży w trzech strefach czasowych Indonezja
100%
Najdłuższą rzeką w tym państwie jest Kapuas Indonezja
100%
Leży w Europie Monako
100%
Jest państwem monarchicznym Monako
100%
Językiem urzędowym jest Francuski Monako
100%
Jest jednym z niewielu państw, które niemal w całości jest zurbanizowane Monako
100%
Najbardziej popularną dzielnicą w tym państwie jest Monte Carlo Monako
91%
Na godle widnieje złoty orzeł Garuda Indonezja
82%
System podatkowy w tym państwie uznawany jest za jeden z najprzyjaźniejszych Monako
82%
Nie posiada armii Monako
82%
Kiedyś było podzielone na gminy Monako
73%
Największym źródłem dochodów tego państwa jest obecnie turystyka Monako
73%
Autorem hymnu tego państwa jest Wage Rudolf Supratman Indonezja
64%
Eksportuje ponad 3 000 ton żabich udek rocznie do Francji Indonezja
45%
Nie znaleziono quizów pasujących do podanych kryteriów
Rozkład punktacji
Procent ludzi z każdym wynikiem
Percentyl według liczby udzielonych odpowiedzi
Twoja historia wyników
Nie rozwiązałeś tego quizu od ostatniego zresetowania